Evaluation of nutritional value and frozen storage ability of selected commercially important marine fish species of bangladesh / (Record no. 18156)

MARC details
000 -LEADER
fixed length control field 01116nam a22002657a 4500
001 - CONTROL NUMBER
control field BD-DhSAU
003 - CONTROL NUMBER IDENTIFIER
control field BD-DhSAU
005 - DATE AND TIME OF LATEST TRANSACTION
control field 20251112155827.0
008 - FIXED-LENGTH DATA ELEMENTS--GENERAL INFORMATION
fixed length control field 150420b2005 bg ||||| m||| 00| 0 eng d
040 ## - CATALOGING SOURCE
Original cataloging agency BD-DhSAU
082 ## - DEWEY DECIMAL CLASSIFICATION NUMBER
Edition number 22
Classification number 639.8
Item number Sa584
100 ## - MAIN ENTRY--PERSONAL NAME
Personal name ATIA, MOST. SANJIDAH
Relator term Registration No. # 18-08934
245 ## - TITLE STATEMENT
Title Evaluation of nutritional value and frozen<br/>storage ability of selected commercially <br/>important marine fish species of bangladesh /<br/><br/><br/><br/><br/>
Remainder of title MS thesis
260 ## - PUBLICATION, DISTRIBUTION, ETC. (IMPRINT)
Place of publication, distribution, etc. Sher-e-Bangla Agricultural University:
Name of publisher, distributor, etc. Department of Fishing and Post Harvest Technology,
Date of publication, distribution, etc. 2025.
300 ## - PHYSICAL DESCRIPTION
Extent xii, 41p. ;
Dimensions 30 cm.
500 ## - GENERAL NOTE
General note MS thesis of Department of Fishing and Post Harvest Technology,,,<br/>Faculty of Fisheries , Sher-e-Bangla Agricultural University, Dhaka, Bangladesh
504 ## - BIBLIOGRAPHY, ETC. NOTE
Bibliography, etc Includes bibliographical reference.
590 ## - Name of Cataloguer
Name of Cataloger Nazmul
650 ## - SUBJECT ADDED ENTRY--TOPICAL TERM
Topical term or geographic name as entry element nutritional value and frozen
651 ## - SUBJECT ADDED ENTRY--GEOGRAPHIC NAME
Geographic name marine fish species
700 ## - ADDED ENTRY--PERSONAL NAME
Personal name Prof. Dr. Asif Wares Newaz
Relator term Superviser
700 ## - ADDED ENTRY--PERSONAL NAME
Personal name Assist. Prof. Dr. Md. Mohibbullah
Relator term Co-superviser
856 ## - ELECTRONIC LOCATION AND ACCESS
Link text NO
942 ## - ADDED ENTRY ELEMENTS (KOHA)
Source of classification or shelving scheme Dewey Decimal Classification
Koha item type MS Level Thesis
Holdings
Withdrawn status Lost status Source of classification or shelving scheme Damaged status Not for loan Collection code Home library Branch Name Date acquired Total Checkouts Full call number Barcode Date last seen Price effective from Koha item type
    Dewey Decimal Classification   Not For Loan Reference SAU Library SAU Library 12/11/2025   639.8 Sa584 46027 12/11/2025 12/11/2025 MS Level Thesis